<?xml version="1.0" encoding="UTF-8"?>
<record
    xmlns:xsi="http://www.w3.org/2001/XMLSchema-instance"
    xsi:schemaLocation="http://www.loc.gov/MARC21/slim http://www.loc.gov/standards/marcxml/schema/MARC21slim.xsd"
    xmlns="http://www.loc.gov/MARC21/slim">

  <leader>00637pam a2200193 a 4500</leader>
  <datafield tag="999" ind1=" " ind2=" ">
    <subfield code="c">19</subfield>
    <subfield code="d">19</subfield>
  </datafield>
  <controlfield tag="008">900822s1991    nyua     b    001 0 eng  </controlfield>
  <datafield tag="020" ind1=" " ind2=" ">
    <subfield code="a">8122414702</subfield>
  </datafield>
  <datafield tag="040" ind1=" " ind2=" ">
    <subfield code="a">IMU-KC</subfield>
  </datafield>
  <datafield tag="041" ind1="0" ind2=" ">
    <subfield code="a">ENGLISH</subfield>
  </datafield>
  <datafield tag="082" ind1="0" ind2="0">
    <subfield code="a">621.3815 C5528</subfield>
    <subfield code="2">2nd ed.</subfield>
  </datafield>
  <datafield tag="100" ind1="2" ind2=" ">
    <subfield code="a">Roy Choudhury, D.</subfield>
  </datafield>
  <datafield tag="245" ind1="1" ind2="0">
    <subfield code="a">Linear integrated circuits /</subfield>
  </datafield>
  <datafield tag="260" ind1=" " ind2=" ">
    <subfield code="a">New Delhi</subfield>
    <subfield code="b">New Age International (P) Limited</subfield>
    <subfield code="c">2003</subfield>
  </datafield>
  <datafield tag="300" ind1=" " ind2=" ">
    <subfield code="a">ix, 423 p. :</subfield>
    <subfield code="b">ill. ;</subfield>
    <subfield code="c">25 cm.</subfield>
  </datafield>
  <datafield tag="504" ind1=" " ind2=" ">
    <subfield code="a">Includes bibliographical references (p. 414-415) and index.</subfield>
  </datafield>
  <datafield tag="650" ind1=" " ind2="0">
    <subfield code="a">Electrical Engineering</subfield>
    <subfield code="x">Linear Integrated Circuits</subfield>
  </datafield>
  <datafield tag="700" ind1="1" ind2=" ">
    <subfield code="a">Jain, Shail.</subfield>
  </datafield>
  <datafield tag="942" ind1=" " ind2=" ">
    <subfield code="2">ddc</subfield>
    <subfield code="c">BK</subfield>
  </datafield>
  <datafield tag="952" ind1=" " ind2=" ">
    <subfield code="0">0</subfield>
    <subfield code="1">0</subfield>
    <subfield code="2">ddc</subfield>
    <subfield code="4">0</subfield>
    <subfield code="6">621_381500000000000_C5528</subfield>
    <subfield code="7">0</subfield>
    <subfield code="9">5747</subfield>
    <subfield code="a">CL</subfield>
    <subfield code="b">CL</subfield>
    <subfield code="d">2007-05-31</subfield>
    <subfield code="e">Jyoti, the Book People</subfield>
    <subfield code="o">621.3815 C5528</subfield>
    <subfield code="p">09799</subfield>
    <subfield code="r">2020-02-13</subfield>
    <subfield code="v">200.00</subfield>
    <subfield code="y">BK</subfield>
  </datafield>
  <datafield tag="952" ind1=" " ind2=" ">
    <subfield code="0">0</subfield>
    <subfield code="1">0</subfield>
    <subfield code="2">ddc</subfield>
    <subfield code="4">0</subfield>
    <subfield code="6">621_381500000000000_C5528</subfield>
    <subfield code="7">0</subfield>
    <subfield code="9">5839</subfield>
    <subfield code="a">CL</subfield>
    <subfield code="b">CL</subfield>
    <subfield code="d">2007-05-31</subfield>
    <subfield code="e">Jyoti, the Book People</subfield>
    <subfield code="o">621.3815 C5528</subfield>
    <subfield code="p">09902</subfield>
    <subfield code="r">2020-02-14</subfield>
    <subfield code="v">200.00</subfield>
    <subfield code="y">BK</subfield>
  </datafield>
  <datafield tag="952" ind1=" " ind2=" ">
    <subfield code="0">0</subfield>
    <subfield code="1">0</subfield>
    <subfield code="2">ddc</subfield>
    <subfield code="4">0</subfield>
    <subfield code="6">621_381500000000000_C5528</subfield>
    <subfield code="7">0</subfield>
    <subfield code="9">5840</subfield>
    <subfield code="a">CL</subfield>
    <subfield code="b">CL</subfield>
    <subfield code="d">2007-05-31</subfield>
    <subfield code="e">Jyoti, the Book People</subfield>
    <subfield code="o">621.3815 C5528</subfield>
    <subfield code="p">09903</subfield>
    <subfield code="r">2020-02-14</subfield>
    <subfield code="v">200.00</subfield>
    <subfield code="y">BK</subfield>
  </datafield>
  <datafield tag="952" ind1=" " ind2=" ">
    <subfield code="0">0</subfield>
    <subfield code="1">0</subfield>
    <subfield code="2">ddc</subfield>
    <subfield code="4">0</subfield>
    <subfield code="6">621_381500000000000_C5528</subfield>
    <subfield code="7">0</subfield>
    <subfield code="9">5841</subfield>
    <subfield code="a">CL</subfield>
    <subfield code="b">CL</subfield>
    <subfield code="d">2007-05-31</subfield>
    <subfield code="e">Jyoti, the Book People</subfield>
    <subfield code="o">621.3815 C5528</subfield>
    <subfield code="p">09904</subfield>
    <subfield code="r">2020-02-14</subfield>
    <subfield code="v">200.00</subfield>
    <subfield code="y">BK</subfield>
  </datafield>
  <datafield tag="952" ind1=" " ind2=" ">
    <subfield code="0">0</subfield>
    <subfield code="1">0</subfield>
    <subfield code="2">ddc</subfield>
    <subfield code="4">0</subfield>
    <subfield code="6">621_381500000000000_C5528</subfield>
    <subfield code="7">0</subfield>
    <subfield code="9">5842</subfield>
    <subfield code="a">CL</subfield>
    <subfield code="b">CL</subfield>
    <subfield code="d">2007-05-31</subfield>
    <subfield code="e">Jyoti, the Book People</subfield>
    <subfield code="o">621.3815 C5528</subfield>
    <subfield code="p">09905</subfield>
    <subfield code="r">2020-02-14</subfield>
    <subfield code="v">200.00</subfield>
    <subfield code="y">BK</subfield>
  </datafield>
  <datafield tag="952" ind1=" " ind2=" ">
    <subfield code="0">0</subfield>
    <subfield code="1">0</subfield>
    <subfield code="2">ddc</subfield>
    <subfield code="4">0</subfield>
    <subfield code="6">621_381500000000000_C5528</subfield>
    <subfield code="7">0</subfield>
    <subfield code="9">5843</subfield>
    <subfield code="a">CL</subfield>
    <subfield code="b">CL</subfield>
    <subfield code="d">2007-05-31</subfield>
    <subfield code="e">Jyoti, the Book People</subfield>
    <subfield code="o">621.3815 C5528</subfield>
    <subfield code="p">09906</subfield>
    <subfield code="r">2020-02-14</subfield>
    <subfield code="v">200.00</subfield>
    <subfield code="y">BK</subfield>
  </datafield>
  <datafield tag="952" ind1=" " ind2=" ">
    <subfield code="0">0</subfield>
    <subfield code="1">0</subfield>
    <subfield code="2">ddc</subfield>
    <subfield code="4">0</subfield>
    <subfield code="6">621_381500000000000_C5528</subfield>
    <subfield code="7">0</subfield>
    <subfield code="9">5844</subfield>
    <subfield code="a">CL</subfield>
    <subfield code="b">CL</subfield>
    <subfield code="d">2007-05-31</subfield>
    <subfield code="e">Jyoti, the Book People</subfield>
    <subfield code="l">1</subfield>
    <subfield code="o">621.3815 C5528</subfield>
    <subfield code="p">09907</subfield>
    <subfield code="r">2024-03-26</subfield>
    <subfield code="s">2024-03-12</subfield>
    <subfield code="v">200.00</subfield>
    <subfield code="y">BK</subfield>
  </datafield>
  <datafield tag="952" ind1=" " ind2=" ">
    <subfield code="0">0</subfield>
    <subfield code="1">0</subfield>
    <subfield code="2">ddc</subfield>
    <subfield code="4">0</subfield>
    <subfield code="6">621_381500000000000_C5528</subfield>
    <subfield code="7">0</subfield>
    <subfield code="9">5845</subfield>
    <subfield code="a">CL</subfield>
    <subfield code="b">CL</subfield>
    <subfield code="d">2007-05-31</subfield>
    <subfield code="e">Jyoti, the Book People</subfield>
    <subfield code="o">621.3815 C5528</subfield>
    <subfield code="p">09908</subfield>
    <subfield code="r">2020-02-14</subfield>
    <subfield code="v">200.00</subfield>
    <subfield code="y">BK</subfield>
  </datafield>
  <datafield tag="952" ind1=" " ind2=" ">
    <subfield code="0">0</subfield>
    <subfield code="1">0</subfield>
    <subfield code="2">ddc</subfield>
    <subfield code="4">0</subfield>
    <subfield code="6">621_381500000000000_C5528</subfield>
    <subfield code="7">0</subfield>
    <subfield code="9">5846</subfield>
    <subfield code="a">CL</subfield>
    <subfield code="b">CL</subfield>
    <subfield code="d">2007-05-31</subfield>
    <subfield code="e">Jyoti, the Book People</subfield>
    <subfield code="o">621.3815 C5528</subfield>
    <subfield code="p">09909</subfield>
    <subfield code="r">2020-02-14</subfield>
    <subfield code="v">200.00</subfield>
    <subfield code="y">BK</subfield>
  </datafield>
  <datafield tag="952" ind1=" " ind2=" ">
    <subfield code="0">0</subfield>
    <subfield code="1">0</subfield>
    <subfield code="2">ddc</subfield>
    <subfield code="4">0</subfield>
    <subfield code="6">621_381500000000000_C5528</subfield>
    <subfield code="7">0</subfield>
    <subfield code="9">5847</subfield>
    <subfield code="a">CL</subfield>
    <subfield code="b">CL</subfield>
    <subfield code="d">2007-05-31</subfield>
    <subfield code="e">Jyoti, the Book People</subfield>
    <subfield code="o">621.3815 C5528</subfield>
    <subfield code="p">09910</subfield>
    <subfield code="r">2020-02-14</subfield>
    <subfield code="v">200.00</subfield>
    <subfield code="y">BK</subfield>
  </datafield>
  <datafield tag="952" ind1=" " ind2=" ">
    <subfield code="0">0</subfield>
    <subfield code="1">0</subfield>
    <subfield code="2">ddc</subfield>
    <subfield code="4">0</subfield>
    <subfield code="6">621_381500000000000_C5528</subfield>
    <subfield code="7">0</subfield>
    <subfield code="9">5848</subfield>
    <subfield code="a">CL</subfield>
    <subfield code="b">CL</subfield>
    <subfield code="d">2007-05-31</subfield>
    <subfield code="e">Jyoti, the Book People</subfield>
    <subfield code="o">621.3815 C5528</subfield>
    <subfield code="p">09911</subfield>
    <subfield code="r">2020-02-14</subfield>
    <subfield code="v">200.00</subfield>
    <subfield code="y">BK</subfield>
  </datafield>
</record>
